The United Nations in a turbulent world

Αποθηκεύτηκε σε:
Λεπτομέρειες βιβλιογραφικής εγγραφής
Κύριος συγγραφέας: Rosenau, James N.
Μορφή: Βιβλίο
Γλώσσα:English
Δημοσίευση: Boulder and London : Lynne Rienner Publishers , c1992
Σειρά:International Peace Acadeny occasional paper series
Θέματα:
Ετικέτες: Προσθήκη ετικέτας
Δεν υπάρχουν, Καταχωρήστε ετικέτα πρώτοι!

MARC

LEADER 00000nam a2200000 i 4500
001 1/82667
008 990525s1992 eng d
020 |a 1-55598-330-8 
035 |l 10051143 
040 |a GR-MY-UA  |b gre  |e aacr 
041 0 |a eng 
082 0 |a 341.23 
100 1 |a Rosenau, James N. 
245 1 4 |a The United Nations in a turbulent world /  |c James N. Rosenau 
260 |a Boulder and London :   |b Lynne Rienner Publishers ,   |c c1992 
300 |a 78 p. 
490 1 |a International Peace Academy occasional paper series 
504 |a Includes bibliographical references and index 
610 2 0 |a United Nations. 
650 0 0 |a International relations. 
830 0 |a International Peace Acadeny occasional paper series 
852 |a INST  |b LESVOS  |e 19990525  |h 341.23 ROS  |p 005100016004  |q 005100016004  |t BK  |y 0 
901 |a BIBL1-1999-2 
909 |a Λ  |b 062300 
922 |a 1ΕΛΗ  |b 199812  |c ΚΠΣ/ΤΓ  |d LEADER 
950 |a 118-1998-10-19